A rovar alapú élelmiszerek elfogadottsága hazai fogyasztók körében

Bibliográfiai részletek
Szerző: Dobos Boglárka
További közreműködők: Debreceni János
Dokumentumtípus: Diplomadolgozat
Kulcsszavak:rovar
élelmiszerek
fogyasztók
Online Access:http://dolgozattar.uni-bge.hu/23167

MARC

LEADER 00000nta a2200000 i 4500
001 dolg23167
005 20200225130957.0
008 191121suuuu hu om 000 hun d
040 |a BGE Dolgozattár Repozitórium  |b hun 
041 |a hu 
100 1 |a Dobos Boglárka 
245 1 2 |a A rovar alapú élelmiszerek elfogadottsága hazai fogyasztók körében  |c Dobos Boglárka  |h [elektronikus dokumentum] 
246 1 1 |a A rovar alapú élelmiszerek elfogadottsága hazai fogyasztók körében 
695 |a rovar 
695 |a élelmiszerek 
695 |a fogyasztók 
700 1 |a Debreceni János  |e ths 
856 4 0 |u http://dolgozattar.uni-bge.hu/23167/1/Dobos_Bogl%C3%A1rka_Szakdolgozat_V%C3%A9gleges_Nyomtatni.pdf  |z Dokumentum-elérés